<?xml version="1.0" encoding="UTF-8"?>
<record
    xmlns:xsi="http://www.w3.org/2001/XMLSchema-instance"
    xsi:schemaLocation="http://www.loc.gov/MARC21/slim http://www.loc.gov/standards/marcxml/schema/MARC21slim.xsd"
    xmlns="http://www.loc.gov/MARC21/slim">

  <leader>00966nam a2200253 c 4500</leader>
  <controlfield tag="001">a5462629</controlfield>
  <controlfield tag="003">CO-ViMGA</controlfield>
  <controlfield tag="005">20230915234535.0</controlfield>
  <controlfield tag="008">140203s2013    sp a   | |||| 000 1 spa  </controlfield>
  <datafield tag="020" ind1=" " ind2=" ">
    <subfield code="a">9788490245460</subfield>
  </datafield>
  <datafield tag="040" ind1=" " ind2=" ">
    <subfield code="a">CO-ViMGA</subfield>
    <subfield code="b">spa</subfield>
    <subfield code="c">CO-ViMGA</subfield>
  </datafield>
  <datafield tag="041" ind1=" " ind2=" ">
    <subfield code="h">eng</subfield>
  </datafield>
  <datafield tag="082" ind1="0" ind2="4">
    <subfield code="a">741.5</subfield>
    <subfield code="b">Y68e</subfield>
  </datafield>
  <datafield tag="100" ind1="1" ind2=" ">
    <subfield code="a">Yost, Christopher</subfield>
    <subfield code="d">1973-</subfield>
    <subfield code="4">aut</subfield>
    <subfield code="9">9070</subfield>
  </datafield>
  <datafield tag="245" ind1="1" ind2="0">
    <subfield code="a">Escuela de mando /</subfield>
    <subfield code="c">Orson Scott Card ; [gui&#xF3;n, Christopher Yost ; dibujo, Pasqual Ferry ; traducci&#xF3;n, Silvia Ruiz]</subfield>
  </datafield>
  <datafield tag="260" ind1=" " ind2=" ">
    <subfield code="a">[Torroella de Montgr&#xED;, Gerona]</subfield>
    <subfield code="b">Panini Comics ;</subfield>
    <subfield code="a">Santa Perpetua de Mogoda [Barcelona]</subfield>
    <subfield code="b">distribuci&#xF3;n, SD Distribuciones</subfield>
    <subfield code="c">D.L. 2013.</subfield>
  </datafield>
  <datafield tag="300" ind1=" " ind2=" ">
    <subfield code="a">101, [28] p.</subfield>
    <subfield code="b">principalmente il. col.</subfield>
    <subfield code="c">27 cm.</subfield>
  </datafield>
  <datafield tag="490" ind1="0" ind2=" ">
    <subfield code="a">El juego de Ender</subfield>
    <subfield code="v">n. 2</subfield>
  </datafield>
  <datafield tag="650" ind1="1" ind2="4">
    <subfield code="a">Comics     </subfield>
    <subfield code="9">284</subfield>
  </datafield>
  <datafield tag="650" ind1="1" ind2="4">
    <subfield code="a">Tiras comicas, historietas, etc.</subfield>
    <subfield code="9">2479</subfield>
  </datafield>
  <datafield tag="700" ind1="1" ind2=" ">
    <subfield code="a">Card, Orson Scott</subfield>
    <subfield code="d">1951-</subfield>
    <subfield code="t">Ender's game</subfield>
    <subfield code="9">9071</subfield>
  </datafield>
  <datafield tag="700" ind1="1" ind2=" ">
    <subfield code="a">Ferry, Pasqual</subfield>
    <subfield code="d">1961-</subfield>
    <subfield code="e">dibujante</subfield>
    <subfield code="4">art</subfield>
    <subfield code="9">9072</subfield>
  </datafield>
  <datafield tag="942" ind1=" " ind2=" ">
    <subfield code="2">ddc</subfield>
    <subfield code="c">BK</subfield>
  </datafield>
  <datafield tag="999" ind1=" " ind2=" ">
    <subfield code="c">37871</subfield>
    <subfield code="d">37871</subfield>
  </datafield>
  <datafield tag="952" ind1=" " ind2=" ">
    <subfield code="0">0</subfield>
    <subfield code="1">0</subfield>
    <subfield code="2">ddc</subfield>
    <subfield code="4">0</subfield>
    <subfield code="5">1</subfield>
    <subfield code="7">0</subfield>
    <subfield code="8">002</subfield>
    <subfield code="a">MEVIECAR</subfield>
    <subfield code="b">MEVIECAR</subfield>
    <subfield code="d">2017-04-28</subfield>
    <subfield code="l">0</subfield>
    <subfield code="o">741.5 Y68e</subfield>
    <subfield code="p">031941</subfield>
    <subfield code="r">2018-03-15 00:00:00</subfield>
    <subfield code="w">2017-04-28</subfield>
    <subfield code="y">BK</subfield>
  </datafield>
</record>
